ბათუმის შოთა რუსთაველის სახელმწიფო უნივერსიტეტის ბიბლიოთეკა

Soft Skills to Advance Your Developer Career: (ბიბ.ჩანაწერი № 62693)

000 -LEADER
fixed length control field 00455nam a22001457a 4500
005 - DATE AND TIME OF LATEST TRANSACTION
control field 20250123160100.0
008 - FIXED-LENGTH DATA ELEMENTS--GENERAL INFORMATION
fixed length control field 250123s2019 eng||||| |||| 00| 0 eng d
041 ## - LANGUAGE CODE
Language code of text/sound track or separate title eng
080 ## - UNIVERSAL DECIMAL CLASSIFICATION NUMBER
Universal Decimal Classification number 004 N-16
100 ## - MAIN ENTRY--PERSONAL NAME
Personal name Nagy, Zsolt
9 (RLIN) 24100
245 ## - TITLE STATEMENT
Title Soft Skills to Advance Your Developer Career:
Remainder of title Actionable Steps to Help Maximize Your Potential /
Statement of responsibility, etc. Zsolt Nagy.
264 ## - PRODUCTION, PUBLICATION, DISTRIBUTION, MANUFACTURE, AND COPYRIGHT NOTICE
Place of production, publication, distribution, manufacture Berlin :
Name of producer, publisher, distributor, manufacturer Apress,
Date of production, publication, distribution, manufacture, or copyright notice 2019.
300 ## - PHYSICAL DESCRIPTION
Extent 296 p.;
Other physical details 24 cm.
942 ## - ADDED ENTRY ELEMENTS (KOHA)
Source of classification or shelving scheme
Koha item type წიგნი
ეგზემპლარები
Withdrawn status Lost status Source of classification or shelving scheme Damaged status Not for loan Permanent Location Current Location Shelving location Date acquired Cost, normal purchase price Full call number Barcode Date last seen Copy number Price effective from Koha item type Public note
          ბათუმის შოთა რუსთაველის სახელმწიფო უნივერსიტეტის მთავარი ბიბლიოთეკა ბათუმის შოთა რუსთაველის სახელმწიფო უნივერსიტეტის მთავარი ბიბლიოთეკა წიგნსაცავი 2025-01-23 115.00 004 N-16 70384 2025-01-23 70384 2025-01-23 წიგნი 115 ლ.